| 000 | 00667nam a22002297a 4500 | ||
|---|---|---|---|
| 003 | OSt | ||
| 005 | 20160118081648.0 | ||
| 008 | 130304t xxu||||| |||| 00| 0 eng d | ||
| 020 | _a9789812533159 | ||
| 050 |
_aQK 711 .2 _b.H67 2008 |
||
| 082 |
_aM 571.2 _bH796 2010 |
||
| 100 | _aHopkins, William G. | ||
| 245 |
_aIntroduction to plant physiology / _cWilliam G. Hopkins, Norman P. A. Huner. |
||
| 260 |
_aSingapore : _bJohn Wiley & Sons, _c2008. |
||
| 300 |
_axviii, 503 pages : _c26 cm _billustrations ; |
||
| 500 | _aIncludes index. | ||
| 526 | _c1210L-1710L | ||
| 562 | _e1 | ||
| 650 | _aPlant physiology. | ||
| 942 |
_2lcc _cBK _kFOR |
||
| 999 |
_c290413 _d290413 |
||